Independent Nations-Sudden Death - Statistics

General Stats
  • This quiz has been taken 64 times
  • The average score is 17 of 20
Answers on the Grid
Answers color-coded by a green-red scale on the quiz's grid according to % correct below.
Gambia
Mauritius
Saint Lucia
Saint Kitts and Nevis
Bahamas
Bahrain
Maldives
Seychelles
Dominica
Saint Vincent and the Grenadines
Albania
Cyprus
Monaco
Andorra
Belize
Guyana
Guinea Bissau
Marshall Islands
Kuwait
Grenada
Greenland
Sint Maarten
Anguilla
Saint Helena
Niue
Cook Islands
Réunion
Aruba
Turks and Caicos Islands
Transnistria
Abkhazia
Puerto Rico
Faroe Islands
Åland Islands
New Caledonia
Guam
Cayman Islands
Pitcairn Islands
Tahiti
Hong Kong
 
Answer Stats
Answer % Correct
Monaco
91%
Albania
89%
Kuwait
89%
Saint Kitts and Nevis
87%
Seychelles
87%
Andorra
84%
Dominica
84%
Marshall Islands
84%
Saint Lucia
84%
Bahrain
82%
Belize
82%
Cyprus
82%
Gambia
82%
Mauritius
82%
Bahamas
80%
Grenada
80%
Guinea Bissau
80%
Guyana
78%
Maldives
78%
Saint Vincent and the Grenadines
78%
No matching quizzes found
Score Distribution
Percent of People with Each Score
Percentile by Number Answered
Your Score History
You have not taken this quiz